Catálogo - Centro de Recursos para el Aprendizaje y la Investigación
Volver al Sitio - CRAI Biblioteca| 000 -CABECERA | |
|---|---|
| campo de control de longitud fija | 01752nam a2200253 4500 |
| 001 - NÚMERO DE CONTROL | |
| campo de control | 114418 |
| 003 - IDENTIFICADOR DEL NÚMERO DE CONTROL | |
| campo de control | DR-UNIBE |
| 005 - FECHA Y HORA DE LA ÚLTIMA TRANSACCIÓN | |
| campo de control | 20260306141558.0 |
| 008 - DATOS DE LONGITUD FIJA--INFORMACIÓN GENERAL | |
| campo de control de longitud fija | 260306b2012 dr ||||| |||| 00| 0 spa d |
| 020 ## - NÚMERO INTERNACIONAL ESTÁNDAR DEL LIBRO | |
| Número Internacional Estándar del Libro | 9789945164817 |
| 040 ## - FUENTE DE LA CATALOGACIÓN | |
| Centro catalogador/agencia de origen | BIBLIOTECA UNIBE |
| Lengua de catalogación | spa |
| Centro/agencia transcriptor | BIBLIOTECA UNIBE |
| 041 ## - CÓDIGO DE LENGUA | |
| Código de lengua del texto/banda sonora o título independiente | spa |
| 082 ## - NÚMERO DE LA CLASIFICACIÓN DECIMAL DEWEY | |
| Número de edición | 22 |
| Número de clasificación | RD 972.93054 G557e |
| 100 1# - ENTRADA PRINCIPAL--NOMBRE DE PERSONA | |
| Nombre de persona | Gleijeses, Piero, |
| Fechas asociadas al nombre | 1944- |
| Término indicativo de función/relación | autor |
| 9 (RLIN) | 203014 |
| 245 13 - MENCIÓN DE TÍTULO | |
| Título | La esperanza desgarrada : |
| Resto del título | la rebelión dominicana de 1965 y la invasión norteamericana / |
| Mención de responsabilidad, etc. | Piero Gleijeses |
| 260 ## - PUBLICACIÓN, DISTRIBUCIÓN, ETC. | |
| Lugar de publicación, distribución, etc. | Santo Domingo : |
| Nombre del editor, distribuidor, etc. | Editora Búho, |
| Fecha de publicación, distribución, etc. | 2012 |
| 300 ## - DESCRIPCIÓN FÍSICA | |
| Extensión | xliv, 562 páginas ; |
| Dimensiones | 23 cm |
| 505 0# - NOTA DE CONTENIDO CON FORMATO | |
| Nota de contenido con formato | Abreviaturas |<br/>Prólogo para la edición dominicana |<br/>Prólogo para la edición cubana |<br/>Prefacio |<br/>Capítulo I. Bosquejo de la historia dominicana |<br/>Capítulo II. ¿Nicaragüización o democratización? |<br/>Capítulo III. Consejo de Estado |<br/>Capítulo IV. Gobierno constitucional de Juan Bosch |<br/>Capítulo V. Triunvirato |<br/>Capítulo VI: Contragolpe |<br/>Capítulo VII. Hacia la guerra civil |<br/>Capítulo VIII. Balance de fuerzas |<br/>Capítulo IX. Guerra civil |<br/>Capítulo X. Fracasa la jugada de San Isidro |<br/>Capítulo XI. Triunfo de la fuerza |<br/>Capítulo XII. La pax americana |<br/>Apéndice I. La izquierda dominicana en la era de Trujillo |<br/>Apéndice II. Minerva Mirabal de Tavárez |<br/>Apéndice III. “La intervención humanitaria” |<br/>Fuentes consultadas |<br/>Obras citadas |<br/>Índice onomástico<br/> |
| 651 #7 - PUNTO DE ACCESO ADICIONAL DE MATERIA--NOMBRE GEOGRÁFICO | |
| Fuente del encabezamiento o término | lemb |
| Nombre geográfico | República Dominicana |
| Subdivisión general | Historia |
| Subdivisión cronológica | Revolución, 1965 |
| 9 (RLIN) | 19304 |
| 651 #7 - PUNTO DE ACCESO ADICIONAL DE MATERIA--NOMBRE GEOGRÁFICO | |
| Fuente del encabezamiento o término | lemb |
| Nombre geográfico | República Dominicana |
| Subdivisión general | Historia |
| Subdivisión cronológica | Ocupación norteamericana, 1965 |
| 9 (RLIN) | 203015 |
| 700 1# - PUNTO DE ACCESO ADICIONAL--NOMBRE DE PERSONA | |
| Nombre de persona | Hermann, Hamlet |
| Término indicativo de función/relación | editor |
| -- | prologuista |
| 9 (RLIN) | 194327 |
| 700 1# - PUNTO DE ACCESO ADICIONAL--NOMBRE DE PERSONA | |
| Nombre de persona | Fajardo Álvarez, Natacha |
| Término indicativo de función/relación | corrector |
| 9 (RLIN) | 148296 |
| 942 ## - ELEMENTOS DE PUNTO DE ACCESO ADICIONAL (KOHA) | |
| Fuente del sistema de clasificación o colocación | Sistema de Clasificación Decimal Dewey |
| Tipo de ítem Koha | Libro (general) |
| Estado de retiro | Estado de pérdida | Fuente del sistema de clasificación o colocación | No para préstamo | Código de colección | Localización permanente | Fecha de adquisición | Total de préstamos | Signatura topográfica completa | Código de barras | Fecha visto por última vez | Número de copia | Precio válido a partir de | Tipo de ítem Koha |
|---|---|---|---|---|---|---|---|---|---|---|---|---|---|
| Disponible | Sistema de Clasificación Decimal Dewey | General - Libros dominicanos | Biblioteca Central UNIBE | 06/01/2026 | RD 972.93054 G557e | 260179 | 06/03/2026 | Ej. 1 | 06/03/2026 | Libro (general) |